Environmental Studies (Record no. 81)

MARC details
000 -LEADER
fixed length control field 00308nam a2200133Ia 4500
008 - FIXED-LENGTH DATA ELEMENTS--GENERAL INFORMATION
fixed length control field 191201s2013 xx 000 0 und d
100 ## - MAIN ENTRY--PERSONAL NAME
Personal name DHAMEJA,Suresh K
245 #0 - TITLE STATEMENT
Title Environmental Studies
250 ## - EDITION STATEMENT
Edition statement Rejp
260 ## - PUBLICATION, DISTRIBUTION, ETC. (IMPRINT)
Place of publication, distribution, etc N. delhi
Name of publisher, distributor, etc SK kataria
Date of publication, distribution, etc 2013
300 ## - PHYSICAL DESCRIPTION
Extent 406
650 ## - SUBJECT ADDED ENTRY--TOPICAL TERM
Topical term or geographic name as entry element Applied
942 ## - ADDED ENTRY ELEMENTS (KOHA)
Source of classification or shelving scheme Dewey Decimal Classification
Koha item type Text Books
942 ## - ADDED ENTRY ELEMENTS (KOHA)
-- 1
Holdings
Withdrawn status Lost status Source of classification or shelving scheme Damaged status Not for loan Collection code Home library Current library Date acquired Source of acquisition Bill Number Total Checkouts Full call number Acc. no. / Barcode Date last seen Bill Date Koha item type Public note Date last borrowed
    Dewey Decimal Classification     Applied Sc. PIET C-LIBRARY PIET C-LIBRARY 24/02/2014 Donated by S.K.Kataria Donated by S.K.Kataria   333.7 DHE 23032 04/04/2025 21/02/2014 Text Books Donated by S.K.Kataria  
    Dewey Decimal Classification     Applied Sc. PIET C-LIBRARY PIET C-LIBRARY 24/02/2014 Donated by S.K.Kataria Donated by S.K.Kataria 1 333.7 DHE 23033 26/02/2020 21/02/2014 Text Books Donated by S.K.Kataria 25/02/2020

Design & Developed by: PIET Central Library
R70 Miles Stone Pattikalyana Samalkha Panipat 132102
mail ID :- [email protected], Phone No:- 0180-2569700 Ex.216